The Isle of Man Crown Dependency Quiz - Statistics

General Stats
  • This quiz has been taken 67 times
    64 since last reset
  • The average score is 12 of 18
Answer Stats
Hint Answer % Correct
Country Isle of Man is a territory of United Kingdom
100%
Official language English
98%
Three of this body part are on the flag Leg
96%
Capital city Douglas
90%
Sea surrounding the island {Irish} Sea
82%
Two countries that fought over control of this island ~1300AD England
80%
Animal with a short tail from a mutation Manx {Cat}
80%
Annual motorcycle event held in the Isle of Man Tourist Trophy
74%
Two countries that fought over control of this island ~1300AD Scotland
70%
Island in the southwest {Calf} of Man
58%
Head of state Queen Elizabeth II
58%
Next biggest cities after the capital Ramsey
54%
Highest point Snaefell
52%
Next biggest cities after the capital Onchan
46%
Title of the head of state Lord of Mann
42%
Motto Wherever you throw it, it shall {stand}
42%
Tiny island with a name of an animal {Chicken} Rock
38%
Name of the above Tri{skelion}
36%
No matching quizzes found
Score Distribution
Percent of People with Each Score
Percentile by Number Answered
Your Score History
You have not taken this quiz since the last reset